000 00969nam a2200277 a 4500
001 000044151
003 DO-SdBNP
005 20180322152958.0
007 000044151
008 140602s2009 dr a 000 0 spa d
020 _a9789945869934 (v.1)
020 _a9789945869930 (v.2)
020 _a9789945869910 (v.3)
020 _a9789945869934 (v.4)
020 _a9789945869989 (v.5)
020 _a9789945869965 (v.6)
040 _aBPMSU
_bspa
_cBPMSU
100 1 _aOrtega, Sandra
245 1 0 _aVivencias en familia /
_cSandra Ortega.
260 _aSanto Domingo :
_bBúho,
_c2009.
300 _av. :
_bil. ;
_c23 cm.
505 0 _av. 1 :
_tEl nacimiento de Daniel --
_gv. 2 :
_tEl mundo de Daniel --
_gv. 3 :
_tEl hogar de los abuelos --
_gv. 4 :
_tllegó Emmanuel --
_gv. 5 :
_tEspecial para los pequeños --
_gv. 6
_tLos vigilantes del planeta --
942 _2ddc
_cBK
945 _aInventariado infantil dom / 2017 VM
956 _aVMATEO
_b10
_c20150610
_lBPMSU
_h00151
999 _c7904
_d7904